书目信息 |
| 题名: |
UCDOS3.1-6.0实用大全
|
|
| 作者: | 曹国钧 编著 | |
| 分册: | ||
| 出版信息: | 西安 西安交通大学出版社 1997.07 |
|
| 页数: | 397页 | |
| 开本: | 16开 | |
| 丛书名: | ||
| 单 册: | ||
| 中图分类: | TP316.9 | |
| 科图分类: | ||
| 主题词: | 软件 | |
| 电子资源: | ||
| ISBN: | 7-5605-0911-8 | |
| 000 | 00559nam0 2200193 45 | |
| 001 | 0005191592 | |
| 005 | 20000519152219.3 | |
| 010 | @a7-5605-0911-8@d25.00元 | |
| 100 | @a20000519d1997 km y0chiy0120 ea | |
| 101 | @achi | |
| 105 | @a z 000yy | |
| 200 | 1 | @aUCDOS3.1-6.0实用大全@AUCDOS3.1-6.0 Shi Yong Da Quan@f曹国钧编著@FCao Guo Jun Bian Zhu |
| 210 | @a西安@c西安交通大学出版社@d1997.07 | |
| 215 | @a397页@d16开 | |
| 606 | 0 | @a软件 |
| 690 | @aTP316.9@v3 | |
| 701 | @a曹国钧@4编著 | |
| 801 | @aCN@bPftUser@c20000519 | |
| 905 | @f2@b55762-763@dTP316.9@eC913 | |
| UCDOS3.1-6.0实用大全/曹国钧编著.-西安:西安交通大学出版社,1997.07 |
| 397页;16开 |
| ISBN 7-5605-0911-8:25.00元 |
| ● |
| 相关链接 |
|
|
|
正题名:UCDOS3.1-6.0实用大全
索取号:TP316.9/C913
 
预约/预借
| 序号 | 登录号 | 条形码 | 馆藏地/架位号 | 状态 | 备注 |
| 1 | 55762 | 200557628 | 期刊室512/301自科库 53排1列4层/ [索取号:TP316.9/C913] | 在馆 | |
| 2 | 55763 | 200557637 | 期刊室512/301自科库 53排1列4层/ [索取号:TP316.9/C913] | 在馆 |